Normal view
MARC view
- Architecture, Modern
Entry Topical Term
001 - CONTROL NUMBER
- control field: 32474
003 - CONTROL NUMBER IDENTIFIER
- control field: NUST
005 - DATE AND TIME OF LATEST TRANSACTION
- control field: 20201019100311.0
008 - FIXED-LENGTH DATA ELEMENTS
- fixed length control field: 201019|| aca||aabn | a|a d
040 ## - CATALOGING SOURCE
- Original cataloging agency: NUST
- Transcribing agency: NUST
150 ## - HEADING--TOPICAL TERM
- Topical term or geographic name entry element: Architecture, Modern
- Chronological subdivision: 20th century
- General subdivision: Catalogs
670 ## - SOURCE DATA FOUND
- Source citation: Work cat.: (NUST)272: Botta, Mario, 32472, Mario Botta : vol. 1 vol. 2 The complet e work ''1960- 1985 '' The complet e work ''1985- 1990 '', c1993-c1998.
